English Translations of Paris Streets - Statistics

General Stats
  • This quiz has been taken 71 times
  • The average score is 6 of 15
Answer Stats
English Arrondissement Français % Correct
Elysian Fields Avenue 8ème Avenue des Champs-Elysées
97%
Republic Avenue 11ème Avenue de la République
90%
Brand New Bridge 1er, 6ème Pont Neuf
65%
Peace Street 2ème Rue de la Paix
65%
Little Fields Street 1er, 2ème Rue des Petits Champs
60%
Capuchins Boulevard 2ème, 9ème Boulevard des Capucines
52%
September 4th Street 2ème Rue du Quatre-Septembre
45%
St. Honoratus' Suburb Street 8ème Rue du Faubourg St.-Honoré
38%
St. Herman of the Meadows Place 6ème Place St.-Germain des Prés
20%
White Coats Street 4ème Rue des Blancs-Manteaux
20%
Esplanade of the Shut-Ins 7ème Esplanade des Invalides
17%
Tile Factory Dock 1er Quai des Tuileries
17%
Mount Pride Street 1er, 6ème Rue Montorgeuil
7%
Tax-Exempt Citizens Street 3ème, 4ème Rue des Francs-Bourgeois
5%
Watering Trough Street 18ème Rue de l'Abreuvoir
2%
No matching quizzes found
Score Distribution
Percent of People with Each Score
Percentile by Number Answered
Your Score History
You have not taken this quiz